| 000 | 00530nam a22001697a 4500 | ||
|---|---|---|---|
| 008 | 230725b |||||||| |||| 00| 0 eng d | ||
| 020 | _a9783330076136 | ||
| 050 | _aP 90 .A59 2018 | ||
| 100 | _aAnyuor, Nicholas | ||
| 245 |
_aMedia, Democracy and Devolution in Kenya : _cNicholas, Anyuor |
||
| 250 | _a1st ed. | ||
| 260 |
_aMauritius: _bLap Lambert, _c2018. |
||
| 300 |
_a125p. ; _bill. ; _c18 cm |
||
| 500 | _aincludes bibliogrsphical references. | ||
| 650 | _2Democracy | ||
| 942 |
_2lcc _cBOOKS _hP 90 .A59 2018 |
||
| 999 |
_c31731 _d31731 |
||